000 00920nam a22002295i 4500
001 172079
003 ES-MaACL
005 20251223063021.0
008 090612s1980 fr |||| | fre d
080 _a782.1
100 0 _aHofmannsthal, Hugo von
_963966
245 1 4 _aDie frau ohne schatten : oper in drei Aufzügen
_b= La Femme sans ombre : opéra en trois actes /
_cmusique de Richard Strauss (1864-1949) ; livret de Hugo von Hofmannsthal ; traduction française de Nicole Casanova.
246 1 1 _aLa Femme sans ombre
260 _aParis :
_bGérard Billaudot,
_c1980.
300 _a177 p. ;
_c18 cm.
490 1 _aOpéra de Paris. Bilingue
650 1 4 _aÓperas-
_vLibretos.
_9137584
700 1 _aStrauss, Richard,
_d1864-1949
_9240557
830 0 _aOpéra de Paris. Bilingue
_9189043
852 4 _aES-MaACL
_jE-12695
_9R.190300
_z. - Biblioteca Jacinto Martínez Lacalle
999 _c172079
_d172079